<?xml version="1.0" encoding="UTF-8"?>
<record
    xmlns:xsi="http://www.w3.org/2001/XMLSchema-instance"
    xsi:schemaLocation="http://www.loc.gov/MARC21/slim http://www.loc.gov/standards/marcxml/schema/MARC21slim.xsd"
    xmlns="http://www.loc.gov/MARC21/slim">

  <leader>03983nam a2200505 i 4500</leader>
  <controlfield tag="001">ebr10904204</controlfield>
  <controlfield tag="003">CaPaEBR</controlfield>
  <controlfield tag="006">m     o  d        </controlfield>
  <controlfield tag="007">cr cn|||||||||</controlfield>
  <controlfield tag="008">100430t20102010ohub    ob    001 0 eng|d</controlfield>
  <datafield tag="020" ind1=" " ind2=" ">
    <subfield code="z">9780821419281 (hc : alk. paper)</subfield>
  </datafield>
  <datafield tag="020" ind1=" " ind2=" ">
    <subfield code="z">0821419285 (hc : alk. paper)</subfield>
  </datafield>
  <datafield tag="020" ind1=" " ind2=" ">
    <subfield code="z">9780821419298 (pb : alk. paper)</subfield>
  </datafield>
  <datafield tag="020" ind1=" " ind2=" ">
    <subfield code="z">0821419293 (pb : alk. paper)</subfield>
  </datafield>
  <datafield tag="020" ind1=" " ind2=" ">
    <subfield code="a">9780821443453 (e-book)</subfield>
  </datafield>
  <datafield tag="040" ind1=" " ind2=" ">
    <subfield code="a">CaPaEBR</subfield>
    <subfield code="b">eng</subfield>
    <subfield code="e">rda</subfield>
    <subfield code="e">pn</subfield>
    <subfield code="c">CaPaEBR</subfield>
  </datafield>
  <datafield tag="035" ind1=" " ind2=" ">
    <subfield code="a">(OCoLC)794924337</subfield>
  </datafield>
  <datafield tag="043" ind1=" " ind2=" ">
    <subfield code="a">f------</subfield>
  </datafield>
  <datafield tag="050" ind1="1" ind2="4">
    <subfield code="a">HV6626.23.A35</subfield>
    <subfield code="b">D66 2010eb</subfield>
  </datafield>
  <datafield tag="082" ind1="0" ind2="4">
    <subfield code="a">362.82/92096</subfield>
    <subfield code="2">22</subfield>
  </datafield>
  <datafield tag="245" ind1="0" ind2="0">
    <subfield code="a">Domestic violence and the law in colonial and postcolonial Africa /</subfield>
    <subfield code="c">edited by Emily Burrill, Richard Roberts, and Elizabeth Thornberry.</subfield>
  </datafield>
  <datafield tag="264" ind1=" " ind2="1">
    <subfield code="a">Athens, Ohio :</subfield>
    <subfield code="b">Ohio University Press,</subfield>
    <subfield code="c">[2010]</subfield>
  </datafield>
  <datafield tag="264" ind1=" " ind2="4">
    <subfield code="c">&#xFFFD;2010</subfield>
  </datafield>
  <datafield tag="300" ind1=" " ind2=" ">
    <subfield code="a">1 online resource (314 pages) :</subfield>
    <subfield code="b">maps.</subfield>
  </datafield>
  <datafield tag="336" ind1=" " ind2=" ">
    <subfield code="a">text</subfield>
    <subfield code="2">rdacontent</subfield>
  </datafield>
  <datafield tag="337" ind1=" " ind2=" ">
    <subfield code="a">computer</subfield>
    <subfield code="2">rdamedia</subfield>
  </datafield>
  <datafield tag="338" ind1=" " ind2=" ">
    <subfield code="a">online resource</subfield>
    <subfield code="2">rdacarrier</subfield>
  </datafield>
  <datafield tag="490" ind1="1" ind2=" ">
    <subfield code="a">New African histories series</subfield>
  </datafield>
  <datafield tag="504" ind1=" " ind2=" ">
    <subfield code="a">Includes bibliographical references (pages 287-294) and index.</subfield>
  </datafield>
  <datafield tag="505" ind1="0" ind2="0">
    <subfield code="g">pt. 1. Domestic violence, relationships of servitude, and the family.</subfield>
    <subfield code="t">Domestic violence, colonial courts, and the end of slavery in French Soudan, 1905-12 /</subfield>
    <subfield code="r">Emily Burrill and Richard Roberts --</subfield>
    <subfield code="t">Domestic violence and child circulation in the Southeastern Gold Coast, 1905-28 /</subfield>
    <subfield code="r">Cati Coe --</subfield>
    <subfield code="t">Continuum of gendered violence : the colonial invention of female desertion as a customary criminal offense, French Soudan, 1900-1949 /</subfield>
    <subfield code="r">Marie Rodet --</subfield>
    <subfield code="t">Violated domesticity in Italian East Africa, 1937-40 /</subfield>
    <subfield code="r">Martina Salvante --</subfield>
    <subfield code="g">pt. 2. Narating domestic violence.</subfield>
    <subfield code="t">Sex, violence, and family in South Africa's Eastern Cape /</subfield>
    <subfield code="r">Elizabeth Thornberry --</subfield>
    <subfield code="t">Child marriage and domestic violence : Islamic and colonial discourses on gender relations and female status in Zanzibar, 1900-1950s /</subfield>
    <subfield code="r">Elke E. Stockreiter --</subfield>
    <subfield code="t">Fatal families : narratives of spousal killing and domestic violence in murder trials in Kenya and Nyasaland, c. 1930-56 /</subfield>
    <subfield code="r">Stacey Hynd --</subfield>
    <subfield code="t">Domestic dramas and occult acts : witchcraft and violence in the arena of the intimate /</subfield>
    <subfield code="r">Katherine Luongo --</subfield>
    <subfield code="g">pt. 3. Domestic violence, conjugal relationships, and the politics of the state in postcolonial Africa.</subfield>
    <subfield code="t">"I killed her because she disobeyed me in wearing this new hairstyle ..." : gender-based violence, laws, and impunity in Senegal /</subfield>
    <subfield code="r">Codou Bop --</subfield>
    <subfield code="t">The logics of controversy : gender violence as a site of frictions in Ghanaian advocacy /</subfield>
    <subfield code="r">Saida Hod&#xFFFD;zi&#xFFFD;c --</subfield>
    <subfield code="t">Constructing law, contesting violence : the Senegalese family code and narratives of domestic abuse /</subfield>
    <subfield code="r">Scott London --</subfield>
    <subfield code="t">Domestic violence as a human rights violation : the challenges of a regional human rights approach in Africa /</subfield>
    <subfield code="r">Benedetta Faedi --</subfield>
    <subfield code="t">Finding gendered justice in the age of human rights /</subfield>
    <subfield code="r">Pamela Scully.</subfield>
  </datafield>
  <datafield tag="588" ind1=" " ind2=" ">
    <subfield code="a">Description based on print version record.</subfield>
  </datafield>
  <datafield tag="590" ind1=" " ind2=" ">
    <subfield code="a">Electronic reproduction. Palo Alto, Calif. : ebrary, 2014. Available via World Wide Web. Access may be limited to ebrary affiliated libraries.</subfield>
  </datafield>
  <datafield tag="650" ind1=" " ind2="0">
    <subfield code="a">Family violence</subfield>
    <subfield code="z">Africa</subfield>
    <subfield code="x">History.</subfield>
  </datafield>
  <datafield tag="650" ind1=" " ind2="0">
    <subfield code="a">Family violence</subfield>
    <subfield code="x">Law and legislation</subfield>
    <subfield code="z">Africa</subfield>
    <subfield code="x">History.</subfield>
  </datafield>
  <datafield tag="650" ind1=" " ind2="0">
    <subfield code="a">Justice, Administration of</subfield>
    <subfield code="z">Africa</subfield>
    <subfield code="x">History.</subfield>
  </datafield>
  <datafield tag="650" ind1=" " ind2="0">
    <subfield code="a">Colonies</subfield>
    <subfield code="z">Africa</subfield>
    <subfield code="x">History.</subfield>
  </datafield>
  <datafield tag="655" ind1=" " ind2="0">
    <subfield code="a">Electronic books.</subfield>
  </datafield>
  <datafield tag="700" ind1="1" ind2=" ">
    <subfield code="a">Burrill, Emily,</subfield>
    <subfield code="e">editor.</subfield>
  </datafield>
  <datafield tag="700" ind1="1" ind2=" ">
    <subfield code="a">Roberts, Richard L.,</subfield>
    <subfield code="d">1949-</subfield>
    <subfield code="e">editor.</subfield>
  </datafield>
  <datafield tag="700" ind1="1" ind2=" ">
    <subfield code="a">Thornberry, Elizabeth,</subfield>
    <subfield code="e">editor.</subfield>
  </datafield>
  <datafield tag="776" ind1="0" ind2="8">
    <subfield code="i">Print version:</subfield>
    <subfield code="t">Domestic violence and the law in colonial and postcolonial Africa.</subfield>
    <subfield code="d">Athens, Ohio : Ohio University Press, [2010]</subfield>
    <subfield code="h">viii, 303 pages ; 24 cm</subfield>
    <subfield code="k">New African histories series</subfield>
    <subfield code="z">9780821419281</subfield>
    <subfield code="w">(OCoLC)ocn475442794</subfield>
    <subfield code="w">(DLC)10904204</subfield>
  </datafield>
  <datafield tag="797" ind1="2" ind2=" ">
    <subfield code="a">ebrary.</subfield>
  </datafield>
  <datafield tag="830" ind1=" " ind2="0">
    <subfield code="a">New African histories series.</subfield>
  </datafield>
  <datafield tag="856" ind1="4" ind2="0">
    <subfield code="u">http://site.ebrary.com/lib/rucke/Doc?id=10904204</subfield>
    <subfield code="z">An electronic book accessible through the World Wide Web; click to view</subfield>
  </datafield>
  <datafield tag="999" ind1=" " ind2=" ">
    <subfield code="c">165265</subfield>
    <subfield code="d">165265</subfield>
  </datafield>
</record>
